书目信息 |
| 题名: |
漫画基础教程
|
|
| 作者: | NextCreator编辑部 编著 ;瓶子 译 | |
| 分册: | 表情绘画技法 | |
| 出版信息: | 北京 人民邮电出版社 2019.09 |
|
| 页数: | 175页 | |
| 开本: | 26cm | |
| 丛书名: | ||
| 单 册: | ||
| 中图分类: | J218.2 | |
| 科图分类: | ||
| 主题词: | 漫画--man hua--绘画技法--教材 | |
| 电子资源: | ||
| ISBN: | 978-7-115-50804-1 | |
| 000 | 01160nam 2200265 450 | |
| 001 | 202020138817 | |
| 005 | 20200926181339.0 | |
| 010 | @a978-7-115-50804-1@dCNY59.80 | |
| 100 | @a20200915d2019 em y0chiy50 ea | |
| 101 | 1 | @achi@cjpn |
| 102 | @aCN@b110000 | |
| 105 | @aa z 001yy | |
| 106 | @ar | |
| 200 | 1 | @a漫画基础教程@Aman hua ji chu jiao cheng@i表情绘画技法@f(日) NextCreator编辑部编著@g瓶子译 |
| 210 | @a北京@c人民邮电出版社@d2019.09 | |
| 215 | @a175页@c图@d26cm | |
| 320 | @a有索引 | |
| 330 | @a本书共含51个表情, 不仅有“喜”“怒”“哀”“乐”“怖”等常见表情, 还有 “美味”“醉酒”“起床”“疲惫”等带有生活色彩的“生活”表情, 以及带有不同感情色彩的“社交”表情, 如“感动”“嘲讽”“害羞”等。将角色的表情用事典形式进行丰富多彩的解说, 让读者可以选择自己感兴趣的表情或是符合自己所画角色的表情的来学习、参考, “马上学, 即刻用”学会表情绘制就是这么简单。 | |
| 517 | 1 | @a表情绘画技法@Abiao qing hui hua ji fa |
| 606 | 0 | @a漫画@Aman hua@x绘画技法@j教材 |
| 690 | @aJ218.2@v5 | |
| 701 | 0 | @aNextCreator编辑部@ANextCreator bian ji bu@4编著 |
| 702 | 0 | @a瓶子@Aping zi@4译 |
| 801 | 0 | @aCN@c20190823 |
| 905 | @a河南城建学院图书馆@dJ218.2@eB791 | |
| 漫画基础教程.表情绘画技法/(日) NextCreator编辑部编著/瓶子译.-北京:人民邮电出版社,2019.09 |
| 175页:图;26cm |
| ISBN 978-7-115-50804-1:CNY59.80 |
| 本书共含51个表情, 不仅有“喜”“怒”“哀”“乐”“怖”等常见表情, 还有 “美味”“醉酒”“起床”“疲惫”等带有生活色彩的“生活”表情, 以及带有不同感情色彩的“社交”表情, 如“感动”“嘲讽”“害羞”等。将角色的表情用事典形式进行丰富多彩的解说, 让读者可以选择自己感兴趣的表情或是符合自己所画角色的表情的来学习、参考, “马上学, 即刻用”学会表情绘制就是这么简单。 |
| ● |
| 相关链接 |
|
|
|
正题名:漫画基础教程
索取号:J218.2/B791
 
预约/预借
| 序号 | 登录号 | 条形码 | 馆藏地/架位号 | 状态 | 备注 |
| 1 | 1488111 | 214881118 | 社科库309/309社科库 72排3列4层/ [索取号:J218.2/B791] | 在馆 | |
| 2 | 1488112 | 214881127 | 社科库309/309社科库 72排3列4层/ [索取号:J218.2/B791] | 在馆 |